Gminy w Powiatach na Literę W - Statystyki

Ogólne statystyki
  • Ten quiz został rozwiązany 21 razy
    12 od ostatniego zresetowania
  • Średni wynik to 56 z 168
Statystyki odpowiedzi
Powiaty Gminy % Poprawnych
wołomiński Wołomin
100%
wadowicki Wadowice
90%
węgrowski Węgrów
90%
Włocławek
90%
włoszczowski Włoszczowa
90%
wyszkowski Wyszków
90%
Marki
80%
węgorzewski Węgorzewo
80%
wejherowski Wejherowo
80%
wielicki Wieliczka
80%
wieluński Wieluń
80%
wieruszowski Wieruszów
80%
Włodawski Włodawa
80%
wodzisławski Wodzisław Śląski
80%
Wołów
80%
wolsztyński Wolsztyn
80%
wysokomazowiecki Wysokie Mazowieckie
80%
wąbrzeski Wąbrzeźno
70%
wągrowiecki Wągrowiec
70%
wałecki Wałcz
70%
wrzesiński Września
70%
wschowski Wschowa
70%
Kobyłka
60%
Ożarów Mazowiecki
60%
Radzymin
60%
Kalwaria Zebrzydowska
50%
Kąty Wrocławskie
50%
Kowal
50%
Reda
50%
Rumia
50%
Tłuszcz
50%
Zielonka
50%
Andrychów
40%
Baruchowo
40%
Błonie
40%
Boguszów-Gorce
40%
Boniewo
40%
Brześć Kujawski
40%
Choceń
40%
Chodecz
40%
Ciechanowiec
40%
Długołęka
40%
Fabianki
40%
Głuszyca
40%
włocławski Izbica Kujawska
40%
Jedlina-Zdrój
40%
Kobierzyce
40%
Liw
40%
Łochów
40%
warszawski zachodni Łomianki
40%
Lubień Kujawski
40%
Lubraniec
40%
Lututów
40%
wałbrzyski Mieroszów
40%
wrocławski Siechnice
40%
Sława
40%
Szczawno-Zdrój
40%
Szlichtyngowa
40%
Wińsko
40%
wołowski Brzeg Dolny
30%
Człopa
30%
Hanna
30%
Izabelin
30%
Jadów
30%
Kampinos
30%
Krasocin
30%
Lanckorona
30%
Leszno
30%
Linia
30%
Lubanie
30%
Luzino
30%
Mietków
30%
Mirosławiec
30%
Moskorzew
30%
Poświętne
30%
Pyzdry
30%
Secemin
30%
Stary Brus
30%
Stryszów
30%
Urszulin
30%
Walim
30%
Biała
20%
Biskupice
20%
Brańszczyk
20%
Budry
20%
Choczewo
20%
Czarnożyły
20%
Czastary
20%
Czyżew
20%
Dąbrówka
20%
Damasławek
20%
Dębowa Łąka
20%
Długosiodło
20%
Galewice
20%
Gniewino
20%
Grębków
20%
Hańsk
20%
Jordanów Śląski
20%
Kłaj
20%
Klembów
20%
Kluczewsko
20%
Klukowo
20%
Kobylin-Borzymy
20%
Kołaczkowo
20%
Korytnica
20%
Książki
20%
Kulesze Kościelne
20%
Łęczyce
20%
Miedzna
20%
Mieścisko
20%
Mszana
20%
Nekla
20%
Niepołomice
20%
Nowe Piekuty
20%
Ostrówek
20%
Pątnów
20%
Pozezdrze
20%
Przemęt
20%
Rząśnik
20%
Skomlin
20%
Sobótka
20%
Sokoły
20%
Somianka
20%
Spytkowice
20%
Stare Babice
20%
Stare Bogaczowice
20%
Stoczek
20%
Strachówka
20%
Szemud
20%
Szepietowo
20%
Tomice
20%
Tuczno
20%
Wierzbno
20%
Wierzchlas
20%
Wyryki
20%
Bolesławiec
10%
Brzeźnica
10%
Czarny Bór
10%
Czernica
10%
Gdów
10%
Godów
10%
Gołańcz
10%
Gorzyce
10%
Konopnica
10%
Łubnice
10%
Lubomia
10%
Marklowice
10%
Miłosław
10%
Mucharz
10%
Osjaków
10%
Płużnica
10%
Pszów
10%
Radków
10%
Radlin
10%
Rydułtowy
10%
Ryńsk
10%
Sadowne
10%
Siedlec
10%
Skoki
10%
Sokolniki
10%
Wieprz
10%
Wola Uhruska
10%
Zabrodzie
10%
Żórawina
10%
Mokrsko
0%
Nie znaleziono quizów pasujących do podanych kryteriów
Rozkład punktacji
Procent ludzi z każdym wynikiem
Percentyl według liczby udzielonych odpowiedzi
Twoja historia wyników
Nie rozwiązałeś tego quizu od ostatniego zresetowania